• 首页
  • 本馆介绍
  • 公告通知
  • 最新文献
  • 馆藏检索
  • 电子资源
  • 读者导购
  • 参考咨询
  • 我的图书馆
  • 登录
  • 详细信息显示
  • 放入我的书架
  • 预约/预借图书
  • 作者相关作品
  • 分类相关作品
  • 丛书相关作品
  • 出版社相关作品

书目信息

  • 表格格式
  • 工作单格式
  • 卡片格式
题名:
人类对空间生命的探索
    
 
作者: ;上海师范大学外语系资料室 注释
分册:  
出版信息: 上海   上海译文出版社  1978
页数: 110页
开本: 19cm
丛书名:
单 册:
中图分类: H319.4:N , H319.4
科图分类:
主题词: 英语-科学技术--课外读物 , 科学技术-英语--课外读物
电子资源:
ISBN:
000 00833nam0 2200277 45
001 0178004674
005 20040509173110.4
010    @dCNY0.27
091    @a9188.3
100    @a19950718d1978 em y0chiy0121 ea
101 2  @aeng@achi
102    @aCN@b310000
105    @ay z 000yy
106    @ar
200 10 @a人类对空间生命的探索@Aren lei dui kong jian sheng ming de tan suo@f上海师范大学外语系资料室注释
210    @a上海@c上海译文出版社@d1978
215    @a110页@d19cm
300    @a科普英语注释读物
300    @a国内发行
606    @a英语-科学技术@x课外读物
606    @a科学技术-英语@x课外读物
690    @aH319.4:N@v3
690    @aH319.4
711 02 @a上海师范大学外语系资料室@Ashang hai shi fan da xue wai yu xi zi liao shi@4注释
801  0 @aCN@bNLC@c20040509
905    @f15@f1@b49408@b160393-407@dH319.4@e207
    
    人类对空间生命的探索/上海师范大学外语系资料室注释.-上海:上海译文出版社,1978
    110页;19cm
    科普英语注释读物.-国内发行
    
    ISBN :CNY0.27
    
●
相关链接 在E读中查询图书 在五车中查询图书 在当当中查询图书 在豆瓣中查询图书


正题名:人类对空间生命的探索     索取号:H319.4/207         预约/预借

序号 登录号 条形码 馆藏地/架位号 状态 备注
1 0049408   001102835   第四借阅区/ [索取号:H319.4/207] 在馆    
2 0049409   001102817   第四借阅区/ [索取号:H319.4/207] 在馆    
3 0160393   001102960   第四借阅区/ [索取号:H319.4/207] 在馆    
4 0160394   001102862   第四借阅区/ [索取号:H319.4/207] 在馆    
5 0160395   001102988   第四借阅区/ [索取号:H319.4/207] 在馆    
6 0160396   001102979   第四借阅区/ [索取号:H319.4/207] 在馆    
7 0160397   001102933   第四借阅区/ [索取号:H319.4/207] 在馆    
8 0160398   001102942   第四借阅区/ [索取号:H319.4/207] 在馆    
9 0160399   001102951   第四借阅区/ [索取号:H319.4/207] 在馆    
10 0160400   001102924   第四借阅区/ [索取号:H319.4/207] 在馆    
11 0160401   001102915   第四借阅区/ [索取号:H319.4/207] 在馆    
12 0160402   001102906   第四借阅区/ [索取号:H319.4/207] 在馆    
13 0160403   001102899   第四借阅区/ [索取号:H319.4/207] 在馆    
14 0160404   001102853   第四借阅区/ [索取号:H319.4/207] 在馆    
15 0160405   001102871   第四借阅区/ [索取号:H319.4/207] 在馆    
16 0160406   001102826   第四借阅区/ [索取号:H319.4/207] 在馆    
17 0160407   001102880   第四借阅区/ [索取号:H319.4/207] 在馆    
18 0160408   001102835   第四借阅区/ [索取号:H319.4/207] 在馆    
19 0160408   001103004   第二样本阅览室/ [索取号:H319.4/207] 在馆    
唐山师范学院图书馆 欢迎您!
大连网信软件有限公司© 版权所有